[Event "Pfalz op-B 10th"]
[Site "Neustadt an der Weinstrasse"]
[Date "2019.03.02"]
[Round "3"]
[White "Gaul, Alexander"]
[Black "Langner, Jasper"]
[Result "1/2-1/2"]
[WhiteElo "1846"]
[BlackElo "1705"]
[PlyCount "54"]
[EventDate "2019.03.01"]
[EventType "swiss"]
[EventRounds "7"]
[EventCountry "GER"]
[SourceTitle "CBM 189 Extra"]
[Source "ChessBase"]
[SourceDate "2019.06.03"]
[SourceVersion "1"]
[SourceVersionDate "2019.06.03"]
[SourceQuality "1"]

1. e4 c5 2. Nc3 g6 3. g4 Bg7 4. Bg2 Nc6 5. d3 e6 6. h4 h5 7. g5 Nge7 8. Nge2 d5 9. Ng3 d4 10. Nce2 e5 11. Bh3 Bxh3 12. Rxh3 Qd7 13. Rh1 Qg4 14. Ng1 Qxd1+ 15. Kxd1 Kd7 16. Nh3 b5 17. Bd2 a5 18. a4 Rhb8 19. axb5 Rxb5 20. b3 Rb7 21. Ke2 Rba7 22. Ra4 Nc8 23. Rha1 Nb6 24. R4a2 Nb4 25. Bxb4 cxb4 26. Kd2 Kc6 27. Ne2 Kb5 1/2-1/2

[Event "Mittelrhein Regionalliga 18/19"]
[Site "Nordrheinwestfalen"]
[Date "2019.02.10"]
[Round "7.8"]
[White "Langner, Jasper"]
[Black "Haskelman, Evgen"]
[Result "0-1"]
[WhiteElo "1754"]
[BlackElo "2039"]
[PlyCount "82"]
[EventDate "2018.10.28"]
[EventType "team-tourn"]
[EventRounds "11"]
[EventCountry "GER"]
[SourceTitle "EXT 2022"]
[Source "ChessBase"]
[SourceDate "2021.10.06"]
[SourceVersion "1"]
[SourceVersionDate "2021.10.06"]
[SourceQuality "1"]
[WhiteTeam "Koeln SF II"]
[BlackTeam "Bruehl"]
[WhiteTeamCountry "GER"]
[BlackTeamCountry "GER"]

1. e4 d5 2. exd5 Nf6 3. Nf3 Nxd5 4. d4 Bg4 5. h3 Bh5 6. c4 Nb6 7. c5 N6d7 8. Qb3 Bxf3 9. Qxf3 Nc6 10. Be3 Nb4 11. Bc4 e6 12. Qe2 Nf6 13. Nc3 c6 14. 0-0 Be7 15. a3 Nbd5 16. Nxd5 Nxd5 17. b4 a6 18. Qf3 0-0 19. Bxd5 Qxd5 20. Qxd5 exd5 21. a4 f5 22. Bf4 Bf6 23. Be5 Bxe5 24. dxe5 f4 25. b5 axb5 26. axb5 cxb5 27. Rab1 Ra5 28. Rfd1 Rd8 29. Rb4 Kf7 30. Rxf4+ Ke6 31. Rb4 Rc8 32. Rc1 Rc6 33. Rg4 g6 34. Rh4 h5 35. f4 Ra4 36. Kf2 Rc4 37. Ra1 R6xc5 38. Ra7 Rc7 39. Ra8 b4 40. g4 Rc2+ 41. Ke3 R7c3+ 0-1

[Event "Mittelrhein Verbandsliga-S 17/18"]
[Site "Nordrheinwestfalen"]
[Date "2018.05.06"]
[Round "11.5"]
[White "Bartl, Dirk"]
[Black "Langner, Jasper"]
[Result "1-0"]
[WhiteElo "1807"]
[BlackElo "1836"]
[PlyCount "71"]
[EventDate "2017.09.10"]
[EventType "team-tourn"]
[EventRounds "11"]
[EventCountry "GER"]
[SourceTitle "EXT 2022"]
[Source "ChessBase"]
[SourceDate "2021.10.06"]
[SourceVersion "1"]
[SourceVersionDate "2021.10.06"]
[SourceQuality "1"]
[WhiteTeam "Troisdorf"]
[BlackTeam "Koeln SF III"]
[WhiteTeamCountry "GER"]
[BlackTeamCountry "GER"]

1. e4 d5 2. exd5 Qxd5 3. Nc3 Qd6 4. Nf3 a6 5. d3 Nf6 6. g3 Bg4 7. Bg2 Nc6 8. h3 Bh5 9. g4 Bg6 10. Nh4 0-0-0 11. Nxg6 hxg6 12. Bd2 Nd4 13. g5 Nh5 14. Ne4 Qc6 15. c3 Nf5 16. d4 e5 17. Qb3 Nh4 18. Nd6+ Qxd6 19. Bxb7+ Kd7 20. 0-0-0 Ke8 21. dxe5 Qb6 22. Qa4+ Ke7 23. Bc6 Nf5 24. Rhe1 Rd3 25. Be4 Rd8 26. Bxf5 gxf5 27. Be3 Qb5 28. Qc2 Rxd1+ 29. Rxd1 g6 30. b4 Bg7 31. Bc5+ Ke6 32. Qd2 Qc6 33. Qd4 Re8 34. Qc4+ Kxe5 35. Bd4+ Kd6 36. Bxg7+ 1-0

[Event "Cologne Longerich op-A 13th"]
[Site "Cologne"]
[Date "2016.08.13"]
[Round "2"]
[White "Lambertz, Michael"]
[Black "Langner, Jasper"]
[Result "1-0"]
[WhiteElo "2002"]
[BlackElo "1657"]
[PlyCount "75"]
[EventDate "2016.08.12"]
[EventType "swiss"]
[EventRounds "5"]
[EventCountry "GER"]
[SourceTitle "EXT 2022"]
[Source "ChessBase"]
[SourceDate "2021.10.06"]
[SourceVersion "1"]
[SourceVersionDate "2021.10.06"]
[SourceQuality "1"]

1. e4 e5 2. Nf3 Nc6 3. d4 exd4 4. Bc4 Nf6 5. 0-0 Nxe4 6. Re1 d5 7. Bxd5 Qxd5 8. Nc3 Qa5 9. Nxe4 Be6 10. Neg5 0-0-0 11. Nxe6 fxe6 12. Rxe6 Bd6 13. Bg5 Rde8 14. Qe2 Kd7 15. Re4 h6 16. Bd2 Qh5 17. Re1 Rxe4 18. Qxe4 Re8 19. Qh7 Rxe1+ 20. Bxe1 Qf7 21. Bd2 Qe7 22. g3 Bc5 23. Kg2 Bb6 24. c3 Ba5 25. Qd3 Qd6 26. cxd4 Bxd2 27. Qxd2 Qd5 28. a3 g5 29. h3 Ne7 30. Qd3 c5 31. Kh2 cxd4 32. Nxd4 Kd8 33. Qe3 a6 34. b4 Nc6 35. Ne6+ Kd7 36. Nc5+ Kc7 37. Qc3 Qd4 38. Ne6+ 1-0